| 000 | 00917cam a22002054a 4500 | ||
|---|---|---|---|
| 005 | 20250605164135.0 | ||
| 008 | 250528s ||||||||||||||||||||||||d | ||
| 035 | _a18744 | ||
| 020 | _a860917134 | ||
| 040 |
_aGR-AtMCL _bgre _dGR-AtMCL _eAACR2 |
||
| 245 | 1 | _aDialectic of Enlightenment | |
| 260 |
_bVerso, _c1992 |
||
| 300 | _a262 | ||
| 520 | _aThis book is a wide ranging philosophical and psychological critique of the Western categories of reason and nature, from Homer to Nietzche. Preface to the New Edition, Introduction, The Concept of Enlightenment, Excursus I: Odysseus or Myth and Enlightenment, Excursus II: Juliette or Enlightenment and Morality, The Culture Industry: Enlightenment as Mass Deception, Elements of Anti-Semitism: Limits or Enlightenment, Notes and Drafts. | ||
| 700 | 1 |
_aAdorno Theodor W. _94998 |
|
| 700 | 1 |
_aHorkheimer Max _9519 |
|
| 942 | _cBK | ||
| 999 |
_c4062 _d4062 |
||